| 000 | 00344nam a2200133Ia 4500 | ||
|---|---|---|---|
| 008 | 240624s9999 xx 000 0 und d | ||
| 041 | _aeng | ||
| 082 | _a300.72 CHE | ||
| 100 | _aCHEN CHAOMEI | ||
| 245 | _aFITNESS OF INFORMATION QUANTITATIVE ASSE | ||
| 260 |
_c2014 _aNew Jersey _bWiley |
||
| 300 | _axi, : 256 : p. : cm. ; 23 | ||
| 365 |
_c _b30 |
||
| 999 |
_c26894 _d26894 |
||